000 00228 a2200097 4500
001 13597
100 _aHirszowiez L
245 _aThe Third Reich & the Arab East
260 _aLondon
_bRoutledge & Kegan
_c
090 _c10596
_d10596
942 _aNUST-CAE
_cM
_c665
999 _c248670
_d248670